000 00587nam a22002057a 4500
003 OSt
005 20160412172439.0
008 160412b xxu||||| |||| 00| 0 eng d
020 _a0091708214
040 _c040a
082 _a305
_bGEO 1987
245 _aGeography of gender:
_bin the third world /
_cJanet H. Momsen, Janet Townsend
260 _aLondon
_bState university of New York press
_c1987
300 _ai, 424p;
_bill :
_c12cm
504 _aincludes index
650 _aGender
_9611
700 _aMomsen, Janet H.
_97756
700 _aTownsend, Janet
_97757
942 _2ddc
_cSLOAN
999 _c3473
_d3473